000 01115nam0a22003011 4500
001 rc\4901685
005 20250613033527.0
021 _aRU
_b[66-96803]
035 _a(NLR Aleph) 008929129
090 _a8873419
_c8873419
100 _a20130426d1966 |||y0rusy50 ca
101 0 _arus
102 _aRU
105 _aa z |||||
200 1 _aУнифицированное высокочастотное оборудование для оконечных станций дальней связи
_eИнформ. сборник
210 _aМосква
_cСвязь
_d1966
215 _a180 с.
_cил.
_d21
225 1 _aТехника связи
300 _aАвт. глав: А.А. Лещинский, О.И. Асташкина, Л.Е. Ионтов и др.
606 _aТелефонные станции, междугородные
_xОборудование
_2psbo
701 1 _aАсташкина
_bО.И.
701 1 _aИонтов
_bЛ.Е.
701 1 _aЛещинский
_bА.А.
801 0 _aRU
_bNLR
_gpsbo
801 1 _aRU
_bELAR
_2rusmarc
852 _aNLR
_j67-5/252
942 _cBOOK
980 _aNB